Normal view
MARC view
- البنوك الاسلامية-المخاطر غير النظامية
Entry Topical Term
001 - CONTROL NUMBER
- control field: 63582
003 - CONTROL NUMBER IDENTIFIER
- control field: JO-AjAnu
005 - DATE AND TIME OF LATEST TRANSACTION
- control field: 20230606084358.0
008 - FIXED-LENGTH DATA ELEMENTS
- fixed length control field: 230606|| aca||aabn | a|a d
040 ## - CATALOGING SOURCE
- Original cataloging agency: JO-AjAnu
- Transcribing agency: JO-AjAnu
150 ## - HEADING--TOPICAL TERM
- Topical term or geographic name entry element: البنوك الاسلامية-المخاطر غير النظامية
670 ## - SOURCE DATA FOUND
- Source citation: Work cat.: (JO-AjAnu)32417: اعداد ثلجي، ياسر حسن سعود؛ اشراف قاسم موسى ابو عيد, author 63581, اثر المخاطر غير النظامية على عوائد اسهم المصارف الاسلامية الاردنية=The Impact of Irregular Risks on Stocks Return for Jordanian Islamic Banks